Ligue 1, clubs de la saison 2021-2022. - Statistiques

Statistiques générales
  • Ce quiz a été pris 814 fois
    289 depuis la dernière actualisation
  • Le résultat moyen est 17 sur 20
Statistiques - réponses
Classement saison 2021 Club % Correct
2e Paris SG
100%
5e Olympique de Marseille
99%
1er Lille OSC
97%
4e Olympique lyonnais
97%
3e AS Monaco
95%
6e Stade rennais
92%
7e RC Lens
90%
12e Girondins de Bordeaux
90%
18e FC Nantes
89%
9e OGC Nice
89%
15e RC Strasbourg
87%
11e AS Saint-Étienne
86%
17e Stade brestois 29
83%
8e Montpellier HSC
83%
13e SCO Angers
79%
10e FC Metz
77%
16e FC Lorient
75%
14e Stade de Reims
74%
2e (Ligue 2) Clermont Foot 63
69%
1er (Ligue 1) ES Troyes AC
64%
Aucun quiz correspondant
Distribution des résultats
% des personnes avec chaque résultat
Percentile par nombre de réponses
Votre historique - résultats
Vous n’avez pas pris ce quiz depuis la dernière actualisation